UK Towns Quiz - Rutland - Extreme - Statistics

General Stats
  • This quiz has been taken 56 times
  • The average score is 5 of 16
Answer Stats
Clue Population Name of Town % Correct
O 12,149 Oakham
100%
U 4,273 Uppingham
68%
K 1,617 Ketton
38%
E 879 Empingham
35%
C 809 Cottesmore
32%
B 1,344 Barleythorpe
30%
L 1,402 Langham
30%
E 582 Edith Weston
27%
G 2,807 Greetham
27%
M 564 Market Overton
27%
N 742 North Luffenham
27%
E 582 Exton
24%
W 930 Whissendine
24%
R 1,446 Ryhall
22%
G 598 Great Casterton
19%
C 1,150 Clipsham
14%
No matching quizzes found
Score Distribution
Percent of People with Each Score
Percentile by Number Answered
Your Score History
You have not taken this quiz